000 00416nam a2200181Ia 4500
001 13863
005 20260306164832.0
008 260306t2000||||xx |||||||||||||| ||spa||
041 _aESP
082 _a005.43
_bA61
100 _aAnónimo
_eAUT
245 0 _aLinux máxima seguridad
260 _c2000
300 _axxvi, 808 páginas :
_c25 cm.
650 _aGEN
654 _aCCC
942 _cLIB
_dJUS
_fJUS
_2ddc
_n
999 _c13863
_d13863